Score 0/24 Timer 07:00
3 Plays Today
% Correct
Red-handed
97.2%
A bird in the hand
94.4%
Hand-pick
93.3%
Wait on (or serve) someone hand and foot
92.2%
Manuscript
91.6%
Mano
91.1%
Reject out of hand
90.6%
Manicure
90.6%
Even-handed
90.2%
Handcuff
90.1%
Left-handed (or backhanded) compliment
90%
Underhanded
89.3%
% Correct
Manual
88.4%
Idle hands
88.3%
Force one's hand
87.6%
Have a free hand
87.3%
Manus
87%
Overhanded
86.3%
Hand i' cap
83.6%
Hand in glove
82.2%
Manufacture
78.4%
Win hands down
77.9%
Main
76.6%
Maneuver
76.4%
Remove Ads.
Support Sporcle.
Get the best of Sporcle when you Go Orange. This ad-free experience offers more features, more stats, and more fun while also helping to support Sporcle. Thank you for becoming a member.

You're not logged in!

Compare scores with friends on all Sporcle quizzes.
OR
Log In

Show Comments

Extras

Top Quizzes Today


Score Distribution

Your Account Isn't Verified!

In order to create a playlist on Sporcle, you need to verify the email address you used during registration. Go to your Sporcle Settings to finish the process.

Report this User

Report this user for behavior that violates our Community Guidelines.

Details: